000 00586cam a22002053a 4500
001 43203
003 PGUSA
005 20140828084000.0
008 130712s2013||||xxu|||||s|||||000 | eng d
040 _aPGUSA
_beng
042 _adc
100 1 _aInhabitant, An Old
245 1 0 _aKensington, Notting Hill, and Paddington
_h[electronic resource] /
_cAn Old Inhabitant
260 _bProject Gutenberg,
_c2013
506 _aPublic domain in the USA.
516 _aElectronic text
830 0 _aProject Gutenberg
_v43203
856 4 0 _uhttp://www.gutenberg.org/ebooks/43203
942 _cEB
999 _c272454
_d272454